Entry Término temático
001 - NÚMERO DE CONTROL
- campo de control: 165966
003 - IDENTIFICADOR DE NÚMERO DE CONTROL
- campo de control: SpMaBN
005 - FECHA Y HORA DE LA ÚLTIMA TRANSACCIÓN
- campo de control: 20250811094502.0
008 - ELEMENTOS DE DATO DE LONGITUD-FIJA
- campo de control de longitud fija: 901201dn anznnbabn |a ana
016 ## - NÚMERO DE CONTROL DE UNA AGENCIA BIBLIOGRÁFICA NACIONAL
- Número de control del registro: BNE19901031263
024 7# - IDENTIFICADOR DE OTROS ESTÁNDARES
- Número estándar o código: http://id.loc.gov/authorities/subjects/sh85009014
- Fuente: lcsh
024 7# - IDENTIFICADOR DE OTROS ESTÁNDARES
- Número estándar o código: http://data.bnf.fr/ark:/12148/cb12050135d
- Fuente: rameau
024 7# - IDENTIFICADOR DE OTROS ESTÁNDARES
- Número estándar o código: http://lemac.sgcb.mcu.es/Autoridades/LEMAC201202611/concept
- Fuente: lemac
040 ## - FUENTE DE CATALOGACIÓN
- Centro catalogador/agencia de origen: SpMaBN
- Lengua de catalogación: spa
- Centro/agencia transcriptor: SpMaBN
- Normas de descripción: rdc
- Convención/Normas de encabezamiento de materia/tesauro: embne
042 ## - CÓDIGO DE AUTENTICACIÓN
- Código de autenticación: 200704031559PCMPBC BNEP 00
080 ## - NÚMERO DE LA CLASIFICACIÓN DECIMAL UNIVERSAL
- Número de la Clasificación Decimal Universal: 52(=411.21)
- Identificador de la edición: 2015
150 ## - ENCABEZAMIENTO--TÉRMINO DE MATERIA
- Término de materia o nombre geográfico como elemento de entrada: Astronomía árabe
550 ## - TRAZADO VÉASE ADEMÁS--TÉRMINO DE MATERIA
- Subcampo de control: g
- Término de materia o nombre geográfico como elemento de entrada: Astronomía medieval
670 ## - FUENTE DE DATOS ENCONTRADOS
- Cita de la fuente: LCSH
- Información encontrada: (Astronomy, Arab)
670 ## - FUENTE DE DATOS ENCONTRADOS
- Cita de la fuente: RAMEAU
- Información encontrada: (Astronomie arabe)
670 ## - FUENTE DE DATOS ENCONTRADOS
- Cita de la fuente: CSIC
- Información encontrada: (Astronomía árabe)
750 #7 - ENTRADA DE ENLACE DE ENCABEZAMIENTO ESTABLECIDO--TÉRMINO DE MATERIA
- Término de materia o nombre geográfico como elemento de entrada: Astronomie arabe
- Fuente del encabezamiento o término: rameau
750 #7 - ENTRADA DE ENLACE DE ENCABEZAMIENTO ESTABLECIDO--TÉRMINO DE MATERIA
- Término de materia o nombre geográfico como elemento de entrada: Astronomy, Arab
- Fuente del encabezamiento o término: lcsh
750 #7 - ENTRADA DE ENLACE DE ENCABEZAMIENTO ESTABLECIDO--TÉRMINO DE MATERIA
- Término de materia o nombre geográfico como elemento de entrada: Astronomia àrab
- Fuente del encabezamiento o término: lemac
